Colors of London / (ระเบียนเลขที่ 48285)
| 000 -LEADER | |
|---|---|
| fixed length control field | 00633nam a22002177a 4500 |
| 003 - CONTROL NUMBER IDENTIFIER | |
| control field | NALT |
| 005 - DATE AND TIME OF LATEST TRANSACTION | |
| control field | 20220930095542.0 |
| 008 - FIXED-LENGTH DATA ELEMENTS--GENERAL INFORMATION | |
| fixed length control field | s2004 eng d |
| 020 ## - INTERNATIONAL STANDARD BOOK NUMBER | |
| International Standard Book Number | 9781592234929 |
| 040 ## - CATALOGING SOURCE | |
| Original cataloging agency | NALT |
| 041 ## - LANGUAGE CODE | |
| Language code of text/sound track or separate title | eng |
| 090 ## - LOCALLY ASSIGNED LC-TYPE CALL NUMBER (OCLC); LOCAL CALL NUMBER (RLIN) | |
| Classification number (OCLC) (R) ; Classification number, CALL (RLIN) (NR) | AZ 310.G7L6 |
| Local cutter number (OCLC) ; Book number/undivided call number, CALL (RLIN) | D34C 2004 |
| 100 1# - MAIN ENTRY--PERSONAL NAME | |
| Personal name | Dailey, Donna. |
| 9 (RLIN) | 59001 |
| 245 10 - TITLE STATEMENT | |
| Title | Colors of London / |
| Statement of responsibility, etc. | Donna Dailey. |
| 260 ## - PUBLICATION, DISTRIBUTION, ETC. | |
| Place of publication, distribution, etc. | San Diego, California : |
| Name of publisher, distributor, etc. | Thunder Bay Press, |
| Date of publication, distribution, etc. | 2004 |
| 300 ## - PHYSICAL DESCRIPTION | |
| Extent | 144 p. : |
| Other physical details | ills. ; |
| Dimensions | 27 cm. |
| 651 #4 - SUBJECT ADDED ENTRY--GEOGRAPHIC NAME | |
| 9 (RLIN) | 59002 |
| Geographic name | London (England |
| General subdivision | Pictorial works |
| 651 #4 - SUBJECT ADDED ENTRY--GEOGRAPHIC NAME | |
| 9 (RLIN) | 59003 |
| Geographic name | London (England) |
| General subdivision | Social life and customs |
| 850 ## - HOLDING INSTITUTION | |
| Holding institution | NALT |
| 942 ## - ADDED ENTRY ELEMENTS (KOHA) | |
| Koha item type | Reference Book |
| Source of classification or shelving scheme | Local Classification |
| 998 ## - STAFF NAME (NALT) | |
| -- | 109 |
| -- | นางสาวอารีรัตน์ วิชาช่าง |
| Withdrawn status | Lost status | Damaged status | Not for loan | Collection code | Home library | Current library | Total Checkouts | Full call number | Barcode | Date last seen | Price effective from | Koha item type |
|---|---|---|---|---|---|---|---|---|---|---|---|---|
| Reference Book collection | National Assembly Library of Thailand | National Assembly Library of Thailand | R AZ310.G7L6 D34C 2004 | 3961160246 | 09/06/2017 | 09/06/2017 | Reference Book |
